000
00256nam a2200109Ia 4500
008
190912s9999||||xx |||||||||||||| ||und||
100
_a
Marshall,Caroline
245
0
_a
Pocket Advertising
260
_a
Italy
_b
McGraw-Hill
_c
1998
300
_a
207
942
_c
BK
999
_c
7802
_d
7802